Out of Egypt into Canaan; or, lessons in spiritual geography. (Record no. 16565)

000 -LEADER
fixed length control field 00537nam a2200169 a 4500
001 - CONTROL NUMBER
control field :::00019564$&:&@@
003 - CONTROL NUMBER IDENTIFIER
control field OkBaRHE
005 - DATE AND TIME OF LATEST TRANSACTION
control field 20010918122316.0
008 - FIXED-LENGTH DATA ELEMENTS--GENERAL INFORMATION
fixed length control field s1887 j 000 0 eng u
040 ## - CATALOGING SOURCE
Transcribing agency
100 1# - MAIN ENTRY--PERSONAL NAME
Personal name Knapp, Martin Wells
245 10 - TITLE STATEMENT
Title Out of Egypt into Canaan; or, lessons in spiritual geography.
260 ## - PUBLICATION, DISTRIBUTION, ETC. (IMPRINT)
Place of publication, distribution, etc Cincinnati, Ohio
Name of publisher, distributor, etc Revivalist Publishing Co.
Date of publication, distribution, etc 1887
300 ## - PHYSICAL DESCRIPTION
Extent 196 p.
942 ## - ADDED ENTRY ELEMENTS (KOHA)
Source of classification or shelving scheme
Koha item type Books
Copies
Date acquired Price effective from Permanent Location Not for loan Shelving location Barcode Withdrawn status Full call number Koha item type Source of classification or shelving scheme Lost status Copy number Date last seen Damaged status
2010-04-142010-04-14RHEMA Bible Training College General Stacks19564 BV 4501 .K59Books  12010-04-14